Documentos del arca-archivo de Almarza y San Andrés / (Record no. 66427)

MARC details
000 -LEADER
campo de control de longitud fija 01215nam a2200301 i 4500
001 - NÚMERO DE CONTROL
campo de control 66427
003 - IDENTIFICADOR DE NÚMERO DE CONTROL
campo de control ES-MaACL
005 - FECHA Y HORA DE LA ÚLTIMA TRANSACCIÓN
campo de control 20230906165634.0
007 - CAMPO FIJO DE DESCRIPCIÓN FÍSICA--INFORMACIÓN GENERAL
campo de control de longitud fija t|
008 - DATOS DE LONGITUD FIJA--INFORMACIÓN GENERAL
campo de control de longitud fija 030307s2002 sp ||||0| spa d
020 ## - NÚMERO INTERNACIONAL ESTÁNDAR DEL LIBRO
Número Internacional Estándar del Libro 84-95099-53-5
040 ## - FUENTE DE CATALOGACIÓN
Centro catalogador/agencia de origen M-BN
Lengua de catalogación spa
Centro/agencia transcriptor M-BN
080 ## - NÚMERO DE LA CLASIFICACIÓN DECIMAL UNIVERSAL
Número de la Clasificación Decimal Universal 016:94(460.186 Almarza)(093)
080 ## - NÚMERO DE LA CLASIFICACIÓN DECIMAL UNIVERSAL
Número de la Clasificación Decimal Universal 016:94(460.186 San Andrés)(093)
080 ## - NÚMERO DE LA CLASIFICACIÓN DECIMAL UNIVERSAL
Número de la Clasificación Decimal Universal 930.255(460.186 Almarza)
100 1# - ENTRADA PRINCIPAL--NOMBRE DE PERSONA
Nombre de persona Senent, Pía.
9 (RLIN) 105456
245 10 - MENCIÓN DEL TÍTULO
Título Documentos del arca-archivo de Almarza y San Andrés /
Mención de responsabilidad, etc. organización e inventario, Mª Pía Senent Díez y Mª Carmen Vázquez Mateo ; colaboración, Isabel García ... [et. al.] ; fotografía y microfilmación, María López Morales.
260 ## - PUBLICACIÓN, DISTRIBUCIÓN, ETC.
Lugar de publicación, distribución, etc. Soria :
Nombre del editor, distribuidor, etc. Diputación Provincial de Soria,
Fecha de publicación, distribución, etc. 2002.
300 ## - DESCRIPCIÓN FÍSICA
Extensión 184 p :
Otras características físicas il. col ;
Dimensiones 24 cm.
490 1# - MENCIÓN DE SERIE
Mención de serie Archivos sorianos ;
Designación de volumen o secuencia 5
610 17 - PUNTO DE ACCESO ADICIONAL DE MATERIA--NOMBRE DE ENTIDAD CORPORATIVA
Nombre de entidad corporativa o nombre de jurisdicción como elemento de entrada Arca-Archivo de Almarza y San Andrés-
Subdivisión de forma Catálogos.
9 (RLIN) 1415
651 #4 - PUNTO DE ACCESO ADICIONAL DE MATERIA--NOMBRE GEOGRÁFICO
Nombre geográfico Soria (Provincia)-
Subdivisión general Historia-
Subdivisión de forma Fuentes.
9 (RLIN) 9411
700 1# - ENTRADA AGREGADA--NOMBRE PERSONAL
Nombre de persona Vázquez Mateo, María Carmen.
9 (RLIN) 113460
710 1# - ENTRADA AGREGADA--NOMBRE DE ENTIDAD CORPORATIVA
Nombre de entidad corporativa o nombre de jurisdicción como elemento de entrada Soria (Provincia).
Unidad subordinada Diputación Provincial.
9 (RLIN) 6880
830 0# - PUNTO DE ACCESO ADICIONAL DE SERIE-TÍTULO UNIFORME
Título uniforme Archivos sorianos ;
Designación de volumen o secuencia 5
9 (RLIN) 183008
852 ## - LOCALIZACIÓN
Ubicación ES-MaACL
Número de control de estantería L-26931
Sublocalización o colección R.132501
Holdings
Estatus retirado Estado de pérdida Fuente del sistema de clasificación o colocación Estado de daño No para préstamo Colección Biblioteca de origen Biblioteca actual Ubicación en estantería Fecha de adquisición Total de préstamos Signatura topográfica completa Código de barras Visto por última vez Precio de reemplazo Tipo de ítem Koha
    Clasificación decimal universal     Biblioteca profesional Biblioteca del Ateneo de Madrid Biblioteca del Ateneo de Madrid Depósito 2 17/01/2008   L-26931 1069589 23/02/2023 23/02/2023 Libro impreso